Mètode 3. Filosofia
Gespeichert in:
| 1. Verfasser: | |
|---|---|
| Format: | keine Angabe |
| Sprache: | Spanisch Katalanisch |
| Erschienen: |
Sant Adrià de Besòs. Barcelona
Bruño
1991
|
| Katalog: | MANES: Suchergebnis im Bibliothekskatalog |
| Schulbuchspezifische Eigenschaften: |
|
| Tags: |
Tag hinzufügen
Keine Tags, Fügen Sie den ersten Tag hinzu!
|
| Hinzugefügt zu: | 26.04.2016 |
MARC
| LEADER | 000000000a22000000004500 | ||
|---|---|---|---|
| 001 | 02997 | ||
| 003 | OSt | ||
| 008 | 160427s sp ||||| |||| 00| 0 spa d | ||
| 040 | |c centro_manes | ||
| 041 | 1 | |a cat | |
| 691 | 0 | |a SE | |
| 100 | 1 | |a Díaz Hernández, Carlos |9 436 |a Moraleda Rodríguez, José |9 315 |a Murillo Murillo, Ildefonso |9 437 |a Vegas Mollá, José Mª |9 438 | |
| 245 | 0 | 0 | |a Mètode 3. Filosofia |
| 260 | 3 | |a Sant Adrià de Besòs. Barcelona |b Bruño |c 1991 | |
| 300 | |a 319 p. |c 26x19 cm | ||
| 500 | |a Fecha de publicación tomada del Depósito Legal | ||
| 690 | 7 | |a FILO | |
| 942 | |2 ddc |c BK | ||
| 546 | |a España | ||
| 999 | |c 8971 |d 8971 | ||
| 999 | |c manes:8971 |d 8971 | ||